Equipe d'Algérie (2024) - Statistiques

Statistiques générales
  • Ce quiz a été pris 812 fois
  • Le résultat moyen est 15 sur 27
Statistiques - réponses
Poste Joueur Club Numéro % Correct
A Riyad Mahrez Al-Ahli 7
93%
M Ismael Bennacer AC Milan 22
80%
D Youcef Atal OGC Nice 20
79%
D Ramy Bensebaini Borussia Dortmund 21
76%
M Youcef Belaili MC Alger 8
76%
A Islam Slimani Coritiba 13
75%
D Aïssa Mandi Villarreal 2
73%
D Rayan Ait Nouri Wolverhampton Wanderers 15
68%
A Mohammed Amoura Union Saint-Gilloise 18
67%
M Houssem Aouar AS Roma 11
66%
G Anthony Mandrea Caen 16
64%
M Farès Chaïbi Eintracht Francfort 17
64%
M Ramiz Zerrouki Feyenoord Rotterdam 6
63%
M Hichem Boudaoui OGC Nice 14
60%
M Nabil Bentaleb Lille 19
58%
Sélectionneur Djamel Belmadi \ \
56%
M Adam Ounas Lille 12
53%
G Rais M'Bolhi CR Belouizdad 23
50%
M Sofiane Feghouli Fatih Karagumruk SK 10
46%
D Mohamed Tougaï Espérance Sprotive de Tunis 4
45%
D Yasser Larouci Shieffield United FC 25
37%
D Ahmed Touba US Lecce 5
36%
D Kévin Guitoun Metz 3
31%
G Moustapha Zeghba Damac 1
31%
D Zinéddine Belaïd USM Alger 24
31%
A Baghdad Bounejah Al-Sadd SC 9
30%
G Oussama Bendot USM Alger 26
1%
Aucun quiz correspondant
Distribution des résultats
% des personnes avec chaque résultat
Percentile par nombre de réponses
Votre historique - résultats
Vous n’avez pas pris ce quiz